Linee calde : un'inchiesta sul mondo dell'erotismo al telefono /

Saved in:
Bibliografiske detaljer
Hovedforfatter: Navarra, Simone (Author)
Format: Bog
Sprog:italiensk
Udgivet: Roma : Castelvecchi, 1999
Serier:Contatti ; 167
Fag:
Tags: Tilføj Tag
Ingen Tags, Vær først til at tagge denne postø!

MARC

LEADER 00000nam a22000007i 4500
001 IT\ICCU\LO1\0503274
003 ItRI
005 20260115231940.0
008 990924s1999 it |||||| ||||| |||||c
020 |a 888210141X 
040 |b ita  |c importazione bologna sebina 
041 7 |a ita  |2 ISO-639-2 
082 |a 384.64  |9 TELEFONIA. ATTIVITA E SERVIZI  |2 19 
100 1 |a Navarra, Simone  |0 IT\ICCU\LO1V\179756  |4 aut 
245 1 0 |a Linee calde :  |b un'inchiesta sul mondo dell'erotismo al telefono /  |c Simone Navarra. 
260 |a Roma :  |b Castelvecchi,  |c 1999 
300 |a 118 p. ;  |c 19 cm. 
650 7 |a Erotismo 
650 7 |a Servizi telefonici  |2 scbi 
830 0 |a Contatti ;  |v 167  |0 IT\ICCU\LO1\0306192 
942 |2 ddc  |c BK  |n 0 
952 |0 0  |1 0  |4 0  |6 DOC_306_700000000000000_NAV  |7 0  |9 17547  |a BO  |b BO  |d 2026-01-15  |i 8545  |l 0  |o DOC 306.7 NAV  |p BO8545  |r 2026-01-15 23:19:40  |w 2026-01-15  |x [Sebina 5] [1 v.]  |y BK  |z 1 v. 
999 |c 14966  |d 14966